000 00897nam a2200229Ii 4500
003 JO-AjNU
008 230605s9999||||xx |||||||||||||| ||und||
017 _a2021/7/3812
020 _a978-9923-00-004-5
040 _aJO-AjNU
_bara
_erda
_cJO-AjNU
041 _aara
050 1 4 _aBP173.25.2021
100 3 _aتاليف ابو قدوم، جمال موسى عيسى؛ تقديم احمد اسماعيل نوفل ,
_eauthor
_962113
245 0 0 _aرعاية السويد لذوي الاحتياجات الخاصة من منظور اسلامي، ج2
250 _aط1
264 3 1 _aعمان: المؤلف، 2021
300 _aج2: 1077
336 _atext
_btxt
_2rdacontent
337 _aunmediated
_bn
_2rdamedia
338 _avolume
_bnc
_2rdacarrier
650 4 _aعلم الاجتماع الاسلامي-التربية الخاصة-صعوبات التعلم-رعاية الاطفال
_962114
999 _aA28111
_c31679
_d31679